Statistiken für Deutsche Verben Partizip II

Klicken Sie hier um das Quiz zu spielen!

Allgemein

  • Dieses Quiz wurde 81 mal gespielt
  • Das Durchschnittsergebnis liegt bei 86 aus 109

Antwortstatistiken

HintAntwort% Korrekt
anfangenangefangen
96%
anrufenangerufen
94%
arbeitengearbeitet
94%
aufhörenaufgehört
91%
antwortengeantwortet
91%
aufmachenaufgemacht
90%
aufräumenaufgeräumt
90%
bauengebaut
88%
aufstehenaufgestanden
87%
ausgebenausgegeben
87%
fahrengefahren
87%
fragengefragt
87%
findengefunden
87%
essengegessen
87%
aussehenausgesehen
86%
beantwortenbeantwortet
86%
bedeutenbedeutet
86%
einkaufeneingekauft
86%
bringengebracht
86%
duschengeduscht
86%
beschreibenbeschrieben
84%
bestellenbestellt
84%
besuchenbesucht
84%
bezahlenbezahlt
84%
einladeneingeladen
84%
eingeschlafeneingeschlafen
84%
fotografierenfotografiert
84%
badengebadet
84%
feierngefeiert
84%
bekommenbekommen
83%
diskutierendiskutiert
83%
erzählenerzählt
83%
fernsehenferngesehen
83%
gebliebengeblieben
83%
gebrauchengebraucht
83%
gehengegangen
83%
gebengegeben
83%
lebengelebt
83%
lernengelernt
83%
entscheidenentschieden
81%
habengehabt
81%
lesengelesen
81%
machengemacht
81%
glaubengeglaubt
80%
guckengeguckt
80%
helfengeholfen
80%
kommengekommen
80%
kostengekostet
80%
rauchengeraucht
80%
sagengesagt
80%
schauengeschaut
80%
schlafengeschlafen
80%
kontrollierenkontrolliert
80%
korrigierenkorrigiert
80%
funktionierenfunktioniert
78%
holengeholt
78%
kaufengekauft
78%
kochengekocht
78%
leihengeliehen
78%
meinengemeint
78%
nehmengenommen
78%
passengepasst
78%
tungetan
78%
trinkengetrunken
78%
mitbringenmitgebracht
78%
gehörengehört
77%
schreibengeschrieben
77%
spielengespielt
77%
sprechengesprochen
77%
gestehengestanden
77%
treffengetroffen
77%
wartengewartet
77%
herstellenhergestellt
77%
passierenpassiert
77%
kennengekannt
75%
klingelngeklingelt
75%
messengemessen
75%
schmeckengeschmeckt
75%
sehengesehen
75%
tanzengetanzt
75%
waschengewaschen
75%
zeichnengezeichnet
75%
informiereninformiert
75%
studierenstudiert
75%
telefonierentelefoniert
75%
verkaufenverkauft
75%
verstehenverstanden
75%
schwimmengeschwommen
74%
stimmengestimmt
74%
störengestört
74%
suchengesucht
74%
wohnengewohnt
74%
vorbereitenvorbereitet
74%
vorhabenvorgehabt
74%
schneidengeschnitten
72%
spülengespült
72%
wissengewusst
72%
stattfindenstattgefunden
72%
umziehenumgezogen
72%
verbietenverboten
72%
verdienenverdient
72%
vergessenvergessen
72%
weitersuchenweitergesucht
72%
liegengelegen
71%
seingewesen
71%
zugehörenzugehört
71%
heißengeheißen
70%
vergleichenverglichen
70%
frühstückengefrüstück
14%

Verteilung der Resultate

Perzentil nach korrekt beantworteten Fragen

Anzahl Personen mit jedem Resultat

Ihre Resultats-Entwicklung

Sie haben dieses Quiz noch nicht gespielt